Stress biology

Đã lưu trong:
Sonraí Bibleagrafaíochta
Príomhúdar: Chakraborty, Usha
Formáid: Leabhar
Teanga:Undetermined
Foilsithe: New Delhi, India Narosa Publishing House 2005
Ábhair:
Clibeanna: Cuir Clib Leis
Gan Chlibeanna, Bí ar an gcéad duine leis an taifead seo a chlibeáil!
Thư viện lưu trữ: Trung tâm Học liệu Trường Đại học Cần Thơ
LEADER 00844nam a2200205Ia 4500
001 CTU_129124
008 210402s9999 xx 000 0 und d
020 |c 1992000 
082 |a 631.53 
082 |b C427 
100 |a Chakraborty, Usha 
245 0 |a Stress biology 
245 0 |c Usha Chakraborty and Bishwanath Chakraborty 
260 |a New Delhi, India 
260 |b Narosa Publishing House 
260 |c 2005 
650 |a Crops,Plants,Plant populations,Stress ( Physiology ),Đồng ruộng,Cây trồng,Mật độ cây trồng 
650 |x Effect of stress on.,Effect of stress on.,Effect of stress on.,Hiệu quả của sự ứng suất,Hiệu quả của sự ứng suất,Hiệu quả của sự ứng suất 
904 |i Minh 
980 |a Trung tâm Học liệu Trường Đại học Cần Thơ